000
00307nam a22001337a 4500
008
190129b xxu||||| |||| 00| 0 eng d
020
_a
9780195166064
041
_a
eng
080
_2
2nd
_a
159.9
100
_a
48
101
_a
PSI
245
_a
Psychologists Desk Reference
_c
Koocher,G.P
942
_2
udc
_c
BK
999
_c
53849
_d
53849